Bilecik Bilecik Bilecik Bilecik Bilecik

Halkla ilişkiler/ (Record no. 3297)

MARC details
000 -BAŞLIK
Sabit Uzunluktaki Kontrol Alanı 01092nam a22003497a 4500
001 - KONTROL NUMARASI
Control Dosyası 0003313
003 - KONTROL NUMARASI KİMLİĞİ
Kontrol Alanı KOHA_MİRAKIL
005 - EN SON İŞLEM TARİHİ ve ZAMANI
Kontrol Alanı 20260207001333.0
007 - FİZİKSEL TANIM SABİT ALAN - GENEL BİLGİ
Sabit uzunluklu kontrol alanı ta
008 - SABİT UZUNLUKTAKİ VERİ ÖGELERİ - GENEL BİLGİ
Sabit Alan 090325b1997 tu |||gr||||#||||0|tur |
020 ## - ISBN - ULUSLARARASI STANDART KİTAP NUMARASI
Isbn 9754923353
Kullanılabilirlik koşulları TL0,01
040 ## - KATALOGLAMA KAYNAĞI
Özgün Kataloglama Kurumu TR-BiSEU
Kataloglama Dili tur
Çeviri Kurumu TR-BiSEU
Açıklama Kuralları rda
041 0# - DİL KODU
Metin ya da ses kaydının dil kodu tur
044 ## - YAYINLAYAN/ÜRETEN KURULUŞUN ÜLKE KODU
ISO country code tu
050 ## - SINIFLAMA ve YER NUMARASI
Sınıflama Numarası HD59
Yer Numarası .S43 1997
100 1# - KİŞİ ADI
Yazar Adı (Kişi adı) Seçim, Hikmet.
245 1# - ESER ADI BİLDİRİMİ
Başlık Halkla ilişkiler/
Sorumluluk Bildirimi Hikmet Seçim ; Hikmet Seçim, Selma Coşkun; editör Ayhan Hakan.
264 #1 - ÜRERİM, YAYIN, DAĞITIM ve TELİF BİLDİRİMİ
Yayın yeri Eskişehir :
Yayınlayan Anadolu Üniversitesi Açıköğretim Fakültesi
Yayın tarihi 1997
300 ## - FİZİKSEL TANIMLAMA
Sayfa, Cilt vb. iii,124 sayfa
336 ## - İÇERİK TÜRÜ
Content type term metin
Content type code txt
Source rdacontent
337 ## - MEDYA TÜRÜ
Media type term aracısız
Media type code n
Source rdamedia
338 ## - TAŞIYICI TÜRÜ
Carrier type term cilt
Carrier type code nc
Source rdacarrier
490 1# - DİZİ BİLDİRİMİ
Dizi Bildirimi Anadolu Üniversitesi ;yayın no: 609.
500 ## - GENEL NOT
Genel Not Önlisans programı.
650 #0 - KONU BAŞLIĞI EK GİRİŞ - KONU TERİMİ
Konusal terim veya coğrafi ad Public relations--Study and teaching.
9 (RLIN) 8284
650 #0 - KONU BAŞLIĞI EK GİRİŞ - KONU TERİMİ
Konusal terim veya coğrafi ad Halkla ilişkiler--çalışma ve öğretim.
9 (RLIN) 8285
650 #0 - KONU BAŞLIĞI EK GİRİŞ - KONU TERİMİ
Konusal terim veya coğrafi ad
9 (RLIN) 5500
650 #0 - KONU BAŞLIĞI EK GİRİŞ - KONU TERİMİ
Konusal terim veya coğrafi ad
9 (RLIN) 5500
650 #0 - KONU BAŞLIĞI EK GİRİŞ - KONU TERİMİ
Konusal terim veya coğrafi ad
9 (RLIN) 5500
830 1# - SERİ EK GİRİŞİ - TEKBİÇİM ESER ADI
Tekbiçim Başlık Anadolu Üniversitesi ;yayın no: 609.
9 (RLIN) 8286
942 ## - EK GİRİŞ ÖGELERİ (KOHA)
Source of classification or shelving scheme Library of Congress Classification
Koha item type Book
Holdings
Materyal Türü Kalıcı Konum Mevcut Konum Raf Yeri Sınıflandırma Kaynağı Edinim Bilgisi Ana Konular Alt Konular Yer Numarası Demirbaş Numarası Fatura Tarihi Geri Çekilme Durumu Kayıp Durumu Hasarlı Durumu Kredi için değil Kayıt Tarih Toplam Ödünçverme Son Görülme Tarihi Son Kontrol Tarihi Genel / Bağış Notu
Book Prof. Dr. Azmi Özcan Kütüphanesi Prof. Dr. Azmi Özcan Kütüphanesi Uluğbey Salonu Library of Congress Classification Bağış SOSYAL BİLİMLER Endüstriler, Arazi Kullanımı, İşgücü HD59 .S43 1997 0003313 13/08/2010         25/03/2009 4 26/05/2025 26/05/2025 İİBF